01629nam a2200481 a 4500001001000000003000900010005001700019007000300036008003300039020001800072040003000090082002800120100000600148245011300154260000900267264011700276300003200393336002700425337003500452338003000487490002000517500000600537590002600543650002600569650003400595700002200629700002300651700001900674700002300693700002100716700002200737700002100759700004100780700002500821700002700846700002600873700002500899700003300924910003900957942001200996952012201008999001701130000011466DO-SdBPM20250729103028.0ta091019s2012 mx a 000 d spa d a9786078092376 aDO-SdBNPbspacBPMSUerda 4a808.82 bD763d 2012222 a 10aLa dramaturgia en Iberoamerica :bantología /cBeatriz Catani, Óscar Cornago, Elisa Lucas... [y otros].  a c  aMéxico, D. F. : bAgencia Española de Cooperación Internacinal para el Desarrollo : bIberescena, c2012 a435 páginas ;c23 cm.b  atextobtxt2rdacontent asin mediación bn2rdamedia  avolumen bnc2rdacarrier 0 aDramaturgia v  a  aInventariado, 2025/VM 7aTeatro xColecciones 7aTeatro xHistoria y crítica1 aCornago, Oscar. 1 aCatani, Beatriz. 1 aLucas, Elisa. 1 a Carrera, ximena. 1 aRubiano, Fabio. 1 aÁvila, Roxana. 1 a Morera, Ailyn. 1 aMoreno Montenegro, Juan Francisco. 1 aMora, José Manuel.1 aHiriart, Berta,d1950-1 aKirchhausen, Maritza.1 aOvalle, Elizabeth. 1 aPeveroni, Gabriel, d1969-  aVMateo V. Control de calidad BPMSU 2ddccBK 00102ddc708CGaBPMETbBPMETd2025-07-29l0oBPMSU CG 808.82 D763d 2012pBPMSU25070068r2025-07-29w2025-07-29yBK c15284d15284